000 00230nmm a2200085Ia 4500
008 220120s9999||||xx |||||||||||||||||und||
100 _aWinston, Wayne, L
245 0 _aOperations research: aoolications and algorithms
260 _c2003
999 _c139368
_d139368